000
00307 a2200157 4500
001
176272
020
_a
040
_c
Magnum
100
_a
Galdino, Luiz
240
1
0
_a
Sarue, zambi !
_l
por
245
1
0
_a
Sarue, zambi !
362
0
_a
1899
440
1
_a
FTD
697
_a
MAGNITO: J/GERAL
942
_c
BK
999
_c
176272
_d
176272